[Event "South Wales op 14th"]
[Site "Cardiff"]
[Date "2017.07.13"]
[Round "9"]
[White "Ledger, Dave J"]
[Black "Jones, Richard S"]
[Result "1/2-1/2"]
[WhiteElo "2218"]
[BlackElo "2398"]
[PlyCount "97"]
[EventDate "2017.07.08"]
[EventType "swiss"]
[EventRounds "10"]
[EventCountry "WLS"]
[SourceTitle "EXT 2018"]
[Source "ChessBase"]
[SourceDate "2017.10.13"]
[SourceVersion "1"]
[SourceVersionDate "2017.10.13"]
[SourceQuality "1"]

1. e4 e5 2. Nf3 Nc6 3. Bc4 Nf6 4. d3 Be7 5. 0-0 0-0 6. a4 d6 7. a5 a6 8. Nc3 Bg4 9. h3 Bh5 10. Nd5 Nxd5 11. Bxd5 Bxf3 12. Qxf3 Nd4 13. Qd1 c6 14. Ba2 d5 15. c3 Ne6 16. exd5 cxd5 17. Qb3 Nc5 18. Qxd5 Nxd3 19. Be3 Rb8 20. Rfd1 Nxb2 21. Rd2 Na4 22. Qxe5 Bf6 23. Qf5 Qc8 24. Qxc8 Rbxc8 25. Bxf7+ Rxf7 26. Rxa4 Rxc3 27. Rd5 h6 28. g3 Rc2 29. Rc5 Rb2 30. Rf5 Bd8 31. Rd5 Bg5 32. Bb6 Bd2 33. Re4 Kh7 34. Kg2 Bxa5 35. Bd4 Bc3 36. Be3 b5 37. Re8 a5 38. h4 a4 39. Ra8 g6 40. g4 Bg7 41. Rd6 a3 42. g5 h5 43. Rda6 b4 44. R6a7 Rxa7 45. Rxa7 Kg8 46. Ra8+ Kf7 47. Ra7+ Kg8 48. Ra8+ Kh7 49. Ra7 1/2-1/2

[Event "South Wales op 14th"]
[Site "Cardiff"]
[Date "2017.07.12"]
[Round "8"]
[White "Jones, Richard S"]
[Black "Arkell, Keith C"]
[Result "1/2-1/2"]
[WhiteElo "2398"]
[BlackElo "2424"]
[PlyCount "37"]
[EventDate "2017.07.08"]
[EventType "swiss"]
[EventRounds "10"]
[EventCountry "WLS"]
[SourceTitle "EXT 2018"]
[Source "ChessBase"]
[SourceDate "2017.10.13"]
[SourceVersion "1"]
[SourceVersionDate "2017.10.13"]
[SourceQuality "1"]

1. e4 c6 2. d4 d5 3. Nc3 dxe4 4. Nxe4 Nd7 5. Ng5 Ngf6 6. Bd3 Nb6 7. N1f3 h6 8. Ne4 Nxe4 9. Bxe4 Bg4 10. 0-0 e6 11. h3 Bxf3 12. Bxf3 Be7 13. Qd3 0-0 14. Rd1 Bg5 15. c4 Bxc1 16. Raxc1 Qe7 17. Qb3 Rfd8 18. a4 Rab8 19. a5 1/2-1/2

[Event "South Wales op 14th"]
[Site "Cardiff"]
[Date "2017.07.12"]
[Round "7"]
[White "Jones, Richard S"]
[Black "Jyothilal, Narayanan"]
[Result "1-0"]
[WhiteElo "2398"]
[BlackElo "1982"]
[PlyCount "49"]
[EventDate "2017.07.08"]
[EventType "swiss"]
[EventRounds "10"]
[EventCountry "WLS"]
[SourceTitle "EXT 2018"]
[Source "ChessBase"]
[SourceDate "2017.10.13"]
[SourceVersion "1"]
[SourceVersionDate "2017.10.13"]
[SourceQuality "1"]

1. e4 c5 2. Nf3 d6 3. d4 cxd4 4. Nxd4 Nf6 5. Nc3 g6 6. Be3 Bg7 7. f3 0-0 8. Qd2 Nc6 9. 0-0-0 d5 10. Kb1 Nxd4 11. e5 Nf5 12. exf6 exf6 13. Bc5 d4 14. Bxf8 Qxf8 15. Nb5 Ne3 16. Re1 f5 17. f4 Qc5 18. c3 Nxf1 19. Re8+ Bf8 20. Qxd4 Qxd4 21. cxd4 Nd2+ 22. Ka1 b6 23. Nc7 Rb8 24. Rc1 Kg7 25. Rd8 1-0

[Event "South Wales op 14th"]
[Site "Cardiff"]
[Date "2017.07.10"]
[Round "4"]
[White "Wells, Peter K"]
[Black "Jones, Richard S"]
[Result "1/2-1/2"]
[WhiteElo "2434"]
[BlackElo "2398"]
[PlyCount "71"]
[EventDate "2017.07.08"]
[EventType "swiss"]
[EventRounds "10"]
[EventCountry "WLS"]
[SourceTitle "EXT 2018"]
[Source "ChessBase"]
[SourceDate "2017.10.13"]
[SourceVersion "1"]
[SourceVersionDate "2017.10.13"]
[SourceQuality "1"]

1. e4 e5 2. Nf3 Nc6 3. Bb5 a6 4. Ba4 Nf6 5. 0-0 Be7 6. Re1 b5 7. Bb3 d6 8. c3 0-0 9. h3 Bb7 10. d4 Nd7 11. Nbd2 exd4 12. cxd4 Re8 13. Nf1 Na5 14. Bc2 Bf6 15. Bf4 Nf8 16. Ng3 g6 17. b3 c5 18. d5 Bxa1 19. Qxa1 f6 20. h4 Bc8 21. h5 Ra7 22. Bd2 Rf7 23. Nh4 Nb7 24. f4 Kg7 25. f5 g5 26. Bxg5 Nd7 27. h6+ Kg8 28. Bf4 Ne5 29. Nh5 Kh8 30. Re3 Rg8 31. Ng7 Rfxg7 32. hxg7+ Rxg7 33. Qe1 Bd7 34. Bd1 Be8 35. Bh6 Rg8 36. Rg3 1/2-1/2

[Event "South Wales op 14th"]
[Site "Cardiff"]
[Date "2017.07.08"]
[Round "1"]
[White "Gosling, Brian GE"]
[Black "Jones, Richard S"]
[Result "0-1"]
[WhiteElo "1825"]
[BlackElo "2398"]
[PlyCount "100"]
[EventDate "2017.07.08"]
[EventType "swiss"]
[EventRounds "10"]
[EventCountry "WLS"]
[SourceTitle "EXT 2018"]
[Source "ChessBase"]
[SourceDate "2017.10.13"]
[SourceVersion "1"]
[SourceVersionDate "2017.10.13"]
[SourceQuality "1"]

1. Nf3 d5 2. g3 c6 3. Bg2 Bg4 4. 0-0 e6 5. d4 Nf6 6. Nbd2 Nbd7 7. Re1 Be7 8. e4 dxe4 9. Nxe4 Nxe4 10. Rxe4 Nf6 11. Re1 0-0 12. c3 Qb6 13. Qb3 Rfd8 14. Ne5 Bf5 15. Qxb6 axb6 16. Be3 b5 17. a3 Nd5 18. g4 Bc2 19. Bd2 Nb6 20. Be4 Bb3 21. Bf4 Na4 22. Re2 b4 23. cxb4 Rxd4 24. f3 Rad8 25. Be3 Rd1+ 26. Rxd1 Rxd1+ 27. Kg2 f6 28. Nd3 Bc4 29. Rd2 Rxd2+ 30. Bxd2 Bxd3 31. Bxd3 Nxb2 32. Be2 Na4 33. Bc4 Kf7 34. Bb3 Nb6 35. a4 Nd5 36. b5 cxb5 37. axb5 Bd6 38. h3 Ke7 39. Kf2 Bc5+ 40. Ke2 Kd6 41. Kd3 Bf2 42. Kc4 Be3 43. Bb4+ Ke5 44. h4 Bf2 45. Bc5 Bxh4 46. Bd4+ Kd6 47. Bc5+ Kc7 48. Kd3 g6 49. Ke4 Bg3 50. Kd3 h5 0-1

[Event "South Wales op 14th"]
[Site "Cardiff"]
[Date "2017.07.08"]
[Round "2"]
[White "Jones, Richard S"]
[Black "Heaven, Peter"]
[Result "1-0"]
[WhiteElo "2398"]
[BlackElo "2010"]
[PlyCount "43"]
[EventDate "2017.07.08"]
[EventType "swiss"]
[EventRounds "10"]
[EventCountry "WLS"]
[SourceTitle "EXT 2018"]
[Source "ChessBase"]
[SourceDate "2017.10.13"]
[SourceVersion "1"]
[SourceVersionDate "2017.10.13"]
[SourceQuality "1"]

1. e4 c5 2. Nf3 d6 3. d4 cxd4 4. Nxd4 Nf6 5. Nc3 a6 6. h3 e6 7. g4 d5 8. exd5 Nxd5 9. Bg2 Nxc3 10. bxc3 Bd6 11. 0-0 e5 12. Nf5 Bxf5 13. gxf5 Nc6 14. Rb1 0-0 15. Rxb7 Na5 16. Rb1 Rc8 17. Qg4 Rc4 18. Be4 h5 19. Qg2 Kh8 20. Rd1 Qc7 21. Qg5 Rc8 22. f6 1-0

[Event "Olympiad-42"]
[Site "Baku"]
[Date "2016.09.13"]
[Round "11.1"]
[White "Kongsee, Uaychai"]
[Black "Jones, Richard S"]
[Result "0-1"]
[WhiteElo "2285"]
[BlackElo "2396"]
[PlyCount "62"]
[EventDate "2016.09.02"]
[EventType "team-swiss"]
[EventRounds "11"]
[EventCountry "AZE"]
[SourceTitle "CBM 175"]
[Source "ChessBase"]
[SourceDate "2016.11.10"]
[SourceVersion "1"]
[SourceVersionDate "2016.11.10"]
[SourceQuality "1"]
[WhiteTeam "Thailand"]
[BlackTeam "Wales"]
[WhiteTeamCountry "THA"]
[BlackTeamCountry "WLS"]

1. f4 d5 2. Nf3 Nf6 3. g3 g6 4. Bg2 Bg7 5. 0-0 0-0 6. d3 c5 7. Qe1 Nc6 8. e4 dxe4 9. dxe4 e5 10. Nc3 Nd4 11. fxe5 Ng4 12. Nxd4 cxd4 13. Nd5 Be6 14. Qb4 Re8 15. Qxd4 Bxe5 16. Qb4 Rc8 17. h3 Bxg3 18. Bf4 Bxf4 19. Rxf4 Bxd5 20. hxg4 Be6 21. c3 b6 22. e5 Qg5 23. Raf1 Qxe5 24. a4 Red8 25. Re4 Qg5 26. Qb5 Rc5 27. Qe2 Rd2 28. Qf3 Re5 29. Rxe5 Qxe5 30. Qa8+ Kg7 31. b4 Bd5 0-1

[Event "Olympiad-42"]
[Site "Baku"]
[Date "2016.09.06"]
[Round "5.1"]
[White "Jones, Richard S"]
[Black "Mphungu, Gerrard"]
[Result "1-0"]
[WhiteElo "2396"]
[BlackElo "2034"]
[PlyCount "79"]
[EventDate "2016.09.02"]
[EventType "team-swiss"]
[EventRounds "11"]
[EventCountry "AZE"]
[SourceTitle "CBM 175"]
[Source "ChessBase"]
[SourceDate "2016.11.10"]
[SourceVersion "1"]
[SourceVersionDate "2016.11.10"]
[SourceQuality "1"]
[WhiteTeam "Wales"]
[BlackTeam "Malawi"]
[WhiteTeamCountry "WLS"]
[BlackTeamCountry "MWI"]

1. e4 c5 2. Nf3 d6 3. Bb5+ Bd7 4. Bxd7+ Qxd7 5. c4 e5 6. d3 g6 7. Nc3 Bg7 8. 0-0 Nc6 9. a3 Nge7 10. Rb1 a5 11. Bd2 0-0 12. Ne2 Nd4 13. Nfxd4 cxd4 14. a4 Nc6 15. Qb3 Nd8 16. Ra1 Ne6 17. Ra3 Nc5 18. Qb5 Qxb5 19. axb5 b6 20. Rfa1 Rab8 21. b4 axb4 22. Bxb4 Bh6 23. Bxc5 dxc5 24. Ra7 Bd2 25. R1a6 f6 26. Rc7 Rf7 27. Rc6 Ba5 28. g4 Kg7 29. Kg2 Rbb7 30. Rc8 Rbc7 31. Rxc7 Rxc7 32. f4 f5 33. Kf3 fxe4+ 34. Kxe4 exf4 35. Nxf4 Re7+ 36. Kd5 g5 37. Ne6+ Kf6 38. Nxc5 Re5+ 39. Kxd4 Rxc5 40. Rxa5 1-0

[Event "Olympiad-42"]
[Site "Baku"]
[Date "2016.09.05"]
[Round "4.1"]
[White "Ghaem Maghami, Ehsan"]
[Black "Jones, Richard S"]
[Result "1-0"]
[WhiteElo "2566"]
[BlackElo "2396"]
[PlyCount "45"]
[EventDate "2016.09.02"]
[EventType "team-swiss"]
[EventRounds "11"]
[EventCountry "AZE"]
[SourceTitle "CBM 175"]
[Source "ChessBase"]
[SourceDate "2016.11.10"]
[SourceVersion "1"]
[SourceVersionDate "2016.11.10"]
[SourceQuality "1"]
[WhiteTeam "Iran"]
[BlackTeam "Wales"]
[WhiteTeamCountry "IRI"]
[BlackTeamCountry "WLS"]

1. c4 e5 2. Nc3 Nf6 3. g3 g6 4. Bg2 Bg7 5. Nf3 d6 6. d4 Nbd7 7. 0-0 0-0 8. e4 c6 9. Re1 exd4 10. Nxd4 Re8 11. h3 Qb6 12. Nc2 Qc7 13. b3 Nc5 14. Bf4 Rd8 15. Qd2 a5 16. Rad1 Be6 17. Qe3 Nh5 18. Bh6 Bh8 19. g4 Nf6 20. e5 Ne8 21. exd6 Nxd6 22. Bf4 b6 23. Nd4 1-0

[Event "Olympiad-42"]
[Site "Baku"]
[Date "2016.09.02"]
[Round "1.1"]
[White "Hammer, Jon Ludvig"]
[Black "Jones, Richard S"]
[Result "1/2-1/2"]
[WhiteElo "2651"]
[BlackElo "2396"]
[PlyCount "95"]
[EventDate "2016.09.02"]
[EventType "team-swiss"]
[EventRounds "11"]
[EventCountry "AZE"]
[SourceTitle "CBM 175"]
[Source "ChessBase"]
[SourceDate "2016.11.10"]
[SourceVersion "1"]
[SourceVersionDate "2016.11.10"]
[SourceQuality "1"]
[WhiteTeam "Norway"]
[BlackTeam "Wales"]
[WhiteTeamCountry "NOR"]
[BlackTeamCountry "WLS"]

1. Nf3 d5 2. d4 Nf6 3. c4 c6 4. e3 Bf5 5. Nc3 a6 6. Be2 h6 7. Bd3 Bxd3 8. Qxd3 e6 9. 0-0 Be7 10. Rd1 Nbd7 11. e4 dxe4 12. Nxe4 Nxe4 13. Qxe4 0-0 14. Bf4 Qa5 15. a3 Rac8 16. h3 Rfd8 17. Qe3 Qf5 18. g4 Qg6 19. Kh1 b5 20. b3 Nf6 21. Re1 Nd7 22. c5 h5 23. g5 Qf5 24. Nh4 Qd5+ 25. Kh2 g6 26. b4 Bf8 27. Nf3 Bg7 28. Red1 Ra8 29. a4 Qc4 30. axb5 axb5 31. Qe4 Qd5 32. Qxd5 exd5 33. Bd6 Nf8 34. Ne5 Bxe5+ 35. Bxe5 Ne6 36. Bf6 Re8 37. Kg3 Ng7 38. Be5 Nf5+ 39. Kf3 Kf8 40. Ra5 Rxa5 41. bxa5 Ra8 42. Ra1 Ra6 43. Ke2 Ke7 44. Kd3 Kd7 45. Bf4 Kc8 46. Bd2 Kb7 47. Re1 Ra8 48. Bc3 1/2-1/2

[Event "New South Wales op"]
[Site "Sydney"]
[Date "2015.06.08"]
[Round "6"]
[White "Melkumyan, Hrant"]
[Black "Jones, Richard S"]
[Result "1-0"]
[WhiteElo "2641"]
[BlackElo "2398"]
[PlyCount "63"]
[EventDate "2015.06.06"]
[EventType "swiss"]
[EventRounds "7"]
[EventCountry "AUS"]
[SourceTitle "CBM 166 Extra"]
[Source "ChessBase"]
[SourceDate "2015.06.18"]
[SourceVersion "1"]
[SourceVersionDate "2015.06.18"]
[SourceQuality "1"]

1. d4 d5 2. c4 c6 3. Nf3 Nf6 4. Nc3 dxc4 5. a4 Bf5 6. Ne5 Nbd7 7. Nxc4 Nb6 8. Ne5 a5 9. h4 e6 10. f3 h6 11. e4 Bh7 12. Be3 Nfd7 13. Nxd7 Nxd7 14. Qb3 Bb4 15. Kf2 Qf6 16. Na2 Bxe4 17. Nxb4 axb4 18. Qxb4 Bd5 19. Bg5 c5 20. Bxf6 cxb4 21. Bxg7 Rh7 22. Be5 Nxe5 23. dxe5 Rc8 24. Bd3 Rh8 25. Rhc1 Ke7 26. Ke3 f6 27. exf6+ Kxf6 28. g4 e5 29. a5 Rhd8 30. Bf5 Rc6 31. Rxc6+ Bxc6 32. a6 1-0

[Event "Australian op"]
[Site "Sydney"]
[Date "2015.01.10"]
[Round "10"]
[White "Ryjanova, Julia"]
[Black "Jones, Richard S"]
[Result "1/2-1/2"]
[WhiteElo "2413"]
[BlackElo "2414"]
[PlyCount "46"]
[EventDate "2015.01.02"]
[EventType "swiss"]
[EventRounds "11"]
[EventCountry "AUS"]
[SourceTitle "CBM 164 Extra"]
[Source "ChessBase"]
[SourceDate "2015.03.02"]
[SourceVersion "1"]
[SourceVersionDate "2015.03.02"]
[SourceQuality "1"]

1. d4 d5 2. c4 c6 3. Nc3 Nf6 4. e3 Bf5 5. cxd5 cxd5 6. Qb3 Nc6 7. Qxb7 Bd7 8. Qb3 Rb8 9. Qd1 e5 10. Nf3 Bd6 11. dxe5 Nxe5 12. Be2 0-0 13. 0-0 Qe7 14. Nxe5 Bxe5 15. Nxd5 Nxd5 16. Qxd5 Rfc8 17. Qa5 Rc2 18. Bd1 Bc6 19. Bxc2 Bxh2+ 20. Kxh2 Qh4+ 21. Kg1 Bxg2 22. Kxg2 Qg4+ 23. Kh2 Qh4+ 1/2-1/2

[Event "Australian op"]
[Site "Sydney"]
[Date "2015.01.05"]
[Round "6"]
[White "Morris, James"]
[Black "Jones, Richard S"]
[Result "1-0"]
[WhiteElo "2378"]
[BlackElo "2414"]
[PlyCount "85"]
[EventDate "2015.01.02"]
[EventType "swiss"]
[EventRounds "11"]
[EventCountry "AUS"]
[SourceTitle "CBM 164 Extra"]
[Source "ChessBase"]
[SourceDate "2015.03.02"]
[SourceVersion "1"]
[SourceVersionDate "2015.03.02"]
[SourceQuality "1"]

1. c4 e5 2. Nc3 Nf6 3. g3 g6 4. Bg2 Bg7 5. d3 0-0 6. Nf3 d6 7. 0-0 Re8 8. Rb1 e4 9. dxe4 Nxe4 10. Nxe4 Rxe4 11. b3 Qe8 12. e3 Nc6 13. Bb2 Bf5 14. Bxg7 Kxg7 15. Qd2 Re7 16. Rbd1 Be4 17. Qc3+ f6 18. Rd2 a5 19. Rfd1 b6 20. Ne1 Bxg2 21. Nxg2 Ne5 22. e4 Qc6 23. Nf4 Qxe4 24. Re2 Qf5 25. Nd5 Nf3+ 26. Qxf3 Qxf3 27. Rxe7+ Kh6 28. Rd4 g5 29. Nxc7 Ra7 30. Rxd6 Kg6 31. Re3 Qf5 32. Nd5 Qb1+ 33. Kg2 Qxa2 34. Nxf6 Qa3 35. Rxb6 a4 36. Nh5+ Kxh5 37. h3 Qf8 38. g4+ Kh4 39. Re8 Qg7 40. Rg8 Qb7+ 41. Rxb7 Rxb7 42. bxa4 h5 43. Rd8 1-0

[Event "Olympiad-41"]
[Site "Tromsoe"]
[Date "2014.08.14"]
[Round "11.1"]
[White "Jones, Richard S"]
[Black "Baburin, Alexander"]
[Result "1-0"]
[WhiteElo "2414"]
[BlackElo "2502"]
[PlyCount "63"]
[EventDate "2014.08.02"]
[EventType "team-swiss"]
[EventRounds "11"]
[EventCountry "NOR"]
[SourceTitle "CBM 162"]
[Source "ChessBase"]
[SourceDate "2014.09.17"]
[SourceVersion "1"]
[SourceVersionDate "2014.09.17"]
[SourceQuality "1"]
[WhiteTeam "Wales"]
[BlackTeam "Ireland"]
[WhiteTeamCountry "WLS"]
[BlackTeamCountry "IRL"]

1. e4 Nf6 2. e5 Nd5 3. d4 d6 4. Nf3 dxe5 5. Nxe5 c6 6. Be2 Bf5 7. c4 Nf6 8. Nc3 Nbd7 9. g4 Nxe5 10. gxf5 Ned7 11. Bf4 Qa5 12. Qc2 g6 13. Bd3 Bg7 14. 0-0-0 Nh5 15. Be3 0-0-0 16. Be2 Ndf6 17. Rhg1 Kb8 18. Kb1 Rd7 19. Na4 b6 20. Bf3 Rc8 21. fxg6 hxg6 22. Rg5 Qa6 23. Rd3 Rcc7 24. Rb3 Kc8 25. Ra3 Qb7 26. Nc3 Qb8 27. Qa4 Bh6 28. Rxh5 Nxh5 29. Bxh6 Rxd4 30. Bxc6 Kd8 31. Nd5 Rc8 32. Bf8 1-0

[Event "Olympiad-41"]
[Site "Tromsoe"]
[Date "2014.08.11"]
[Round "9.1"]
[White "Amdouni, Zoubaier"]
[Black "Jones, Richard S"]
[Result "0-1"]
[WhiteElo "2350"]
[BlackElo "2414"]
[PlyCount "80"]
[EventDate "2014.08.02"]
[EventType "team-swiss"]
[EventRounds "11"]
[EventCountry "NOR"]
[SourceTitle "CBM 162"]
[Source "ChessBase"]
[SourceDate "2014.09.17"]
[SourceVersion "1"]
[SourceVersionDate "2014.09.17"]
[SourceQuality "1"]
[WhiteTeam "Tunisia"]
[BlackTeam "Wales"]
[WhiteTeamCountry "TUN"]
[BlackTeamCountry "WLS"]

1. e4 e5 2. Bc4 Nf6 3. Nc3 Nxe4 4. Qh5 Nd6 5. Bb3 Be7 6. Nf3 Nc6 7. Nxe5 g6 8. Nxc6 dxc6 9. Qf3 0-0 10. 0-0 Nf5 11. Ne2 Bf6 12. d3 Re8 13. Ng3 Nd4 14. Qd1 Bg7 15. Ne4 Nxb3 16. axb3 Bf5 17. Bg5 f6 18. Be3 Bxe4 19. dxe4 Qe7 20. Ra4 b5 21. Ra6 Qxe4 22. Qd7 Re6 23. Bc5 Bf8 24. Be3 Rae8 25. c3 Bd6 26. g3 Qd3 27. b4 Rxe3 28. fxe3 Qxe3+ 29. Kg2 Qe4+ 30. Rf3 Qe2+ 31. Rf2 Qe4+ 32. Kh3 Re5 33. Qd8+ Bf8 34. g4 h5 35. Qd1 hxg4+ 36. Kg3 Rd5 37. Qxg4 Rg5 38. Qxg5 fxg5 39. Rxa7 Bd6+ 40. Kh3 g4+ 0-1

[Event "Olympiad-41"]
[Site "Tromsoe"]
[Date "2014.08.05"]
[Round "4.1"]
[White "Zambrana, Oswaldo"]
[Black "Jones, Richard S"]
[Result "1/2-1/2"]
[WhiteElo "2472"]
[BlackElo "2414"]
[PlyCount "83"]
[EventDate "2014.08.02"]
[EventType "team-swiss"]
[EventRounds "11"]
[EventCountry "NOR"]
[SourceTitle "CBM 162"]
[Source "ChessBase"]
[SourceDate "2014.09.17"]
[SourceVersion "1"]
[SourceVersionDate "2014.09.17"]
[SourceQuality "1"]
[WhiteTeam "Bolivia"]
[BlackTeam "Wales"]
[WhiteTeamCountry "BOL"]
[BlackTeamCountry "WLS"]

1. e4 e5 2. Nf3 Nf6 3. Nxe5 d6 4. Nf3 Nxe4 5. d4 d5 6. Bd3 Nc6 7. 0-0 Be7 8. Nc3 Nxc3 9. bxc3 Bg4 10. Rb1 Rb8 11. Re1 0-0 12. Bf4 Bd6 13. h3 Bh5 14. Bc1 f5 15. Be2 f4 16. c4 dxc4 17. Bxc4+ Kh8 18. Bb2 b5 19. Be6 Na5 20. d5 Nc4 21. Bd4 a6 22. Qd3 Be7 23. Ne5 Nxe5 24. Bxe5 Bd6 25. Qd4 Qg5 26. Rb3 Rbe8 27. Kf1 Qe7 28. Rc3 Bg6 29. Kg1 Bf5 30. Bxd6 cxd6 31. Kh2 Rf6 32. Rf3 Bxe6 33. dxe6 Rxe6 34. Rxe6 Qxe6 35. Qxf4 h6 36. Re3 Qd7 37. Rxe8+ Qxe8 38. Qxd6 Qf7 39. Qd8+ Kh7 40. Qd3+ Kh8 41. Qd8+ Kh7 42. Qd3+ 1/2-1/2

[Event "Olympiad-41"]
[Site "Tromsoe"]
[Date "2014.08.03"]
[Round "2.1"]
[White "Jones, Richard S"]
[Black "Mdoe, Yusuf"]
[Result "1-0"]
[WhiteElo "2414"]
[BlackElo "1707"]
[PlyCount "117"]
[EventDate "2014.08.02"]
[EventType "team-swiss"]
[EventRounds "11"]
[EventCountry "NOR"]
[SourceTitle "CBM 162"]
[Source "ChessBase"]
[SourceDate "2014.09.17"]
[SourceVersion "1"]
[SourceVersionDate "2014.09.17"]
[SourceQuality "1"]
[WhiteTeam "Wales"]
[BlackTeam "Tanzania"]
[WhiteTeamCountry "WLS"]
[BlackTeamCountry "TAN"]

1. d4 Nf6 2. c4 e6 3. Nc3 Be7 4. e4 d6 5. Nf3 b6 6. Be2 Bb7 7. Qc2 0-0 8. 0-0 Nc6 9. Rd1 Qc8 10. a3 a6 11. Bg5 h6 12. Bh4 g5 13. Bg3 Nh5 14. d5 Nd8 15. Nd2 Nxg3 16. fxg3 Kg7 17. Nf1 c6 18. Kh1 Qc7 19. Ne3 Rc8 20. Bg4 b5 21. cxb5 cxb5 22. Qd3 Bf6 23. Rac1 Qb6 24. Bh5 Rc7 25. dxe6 Bxc3 26. Nf5+ Kh8 27. e7 Bg7 28. Rxc7 Qxc7 29. Qxd6 Qxd6 30. Nxd6 Kg8 31. exf8Q+ Kxf8 32. Nxb7 Nxb7 33. b4 Ke7 34. Bxf7 Bb2 35. Bd5 Nd6 36. Rd3 Kf6 37. Kg1 Ke5 38. Kf1 Nc4 39. a4 Bd4 40. axb5 axb5 41. Ke2 g4 42. Bc6 Nd6 43. Ra3 Bg1 44. h3 h5 45. Ra8 Bb6 46. Rh8 Kd4 47. Rxh5 Kc4 48. e5 Nc8 49. e6 Nd6 50. e7 Bd4 51. e8Q Nxe8 52. Bxe8 Kxb4 53. Rxb5+ Kc4 54. hxg4 Bg7 55. Ke3 Bd4+ 56. Ke4 Bf2 57. g5 Be1 58. g6 Bc3 59. Re5 1-0

[Event "EU-chT (Men) 19th"]
[Site "Warsaw"]
[Date "2013.11.17"]
[Round "9.65"]
[White "Hansen, Sune Berg"]
[Black "Jones, Richard S"]
[Result "1/2-1/2"]
[WhiteElo "2563"]
[BlackElo "2435"]
[PlyCount "112"]
[EventDate "2013.11.08"]
[EventType "team-swiss"]
[EventRounds "9"]
[EventCountry "POL"]
[SourceTitle "CBM 158"]
[Source "ChessBase"]
[SourceDate "2014.01.16"]
[SourceVersion "1"]
[SourceVersionDate "2014.01.16"]
[SourceQuality "1"]
[WhiteTeam "Denmark"]
[BlackTeam "Wales"]
[WhiteTeamCountry "DEN"]
[BlackTeamCountry "WLS"]

1. Nf3 d5 2. g3 Nf6 3. Bg2 c6 4. 0-0 Bg4 5. d3 Nbd7 6. Nbd2 e5 7. e4 Bd6 8. Qe1 0-0 9. h3 Bxf3 10. Nxf3 Re8 11. Qe2 Bf8 12. Nh2 Qb6 13. Ng4 dxe4 14. Nxf6+ Nxf6 15. dxe4 Rad8 16. c3 a5 17. Bg5 Be7 18. Rad1 h6 19. Bc1 Nd7 20. b3 Nc5 21. h4 Rxd1 22. Rxd1 Rd8 23. Be3 Qc7 24. Qh5 Rxd1+ 25. Qxd1 Qd6 26. Qg4 Qe6 27. Qxe6 fxe6 28. Kf1 Nd7 29. Ke2 Bc5 30. Bd2 Kf7 31. Bf1 Nf6 32. Kf3 h5 33. Bd3 Ng4 34. Be1 Nf6 35. Ke2 g6 36. Bc2 Nd7 37. Bd2 Ba3 38. f3 Bb2 39. Bd1 Ba3 40. Be1 Bc5 41. b4 axb4 42. cxb4 Bd4 43. Bb3 b5 44. a4 Nb8 45. Bc2 Na6 46. axb5 cxb5 47. Bd3 Nc7 48. f4 exf4 49. gxf4 Bf6 50. Kd1 Be7 51. Kc2 Bd6 52. f5 exf5 53. exf5 gxf5 54. Bxf5 Nd5 55. Kb3 Nxb4 56. Bxb4 Bg3 1/2-1/2

[Event "EU-chT (Men) 19th"]
[Site "Warsaw"]
[Date "2013.11.16"]
[Round "8.19"]
[White "Jones, Richard S"]
[Black "Heberla, Bartlomiej"]
[Result "0-1"]
[WhiteElo "2435"]
[BlackElo "2556"]
[PlyCount "84"]
[EventDate "2013.11.08"]
[EventType "team-swiss"]
[EventRounds "9"]
[EventCountry "POL"]
[SourceTitle "CBM 158"]
[Source "ChessBase"]
[SourceDate "2014.01.16"]
[SourceVersion "1"]
[SourceVersionDate "2014.01.16"]
[SourceQuality "1"]
[WhiteTeam "Wales"]
[BlackTeam "Poland Goldies"]
[WhiteTeamCountry "WLS"]
[BlackTeamCountry "POL"]

1. e4 c5 2. Nf3 e6 3. d4 cxd4 4. Nxd4 Nf6 5. Nc3 d6 6. Be3 a6 7. f3 b5 8. Qd2 Nbd7 9. g4 Nb6 10. a4 Nc4 11. Bxc4 bxc4 12. a5 Bb7 13. Na4 d5 14. e5 Nd7 15. Bf4 Rc8 16. 0-0 Bc6 17. Nc3 h5 18. h3 Bc5 19. Kg2 Qc7 20. Bg3 Rb8 21. Ra2 Ba8 22. f4 hxg4 23. hxg4 Bxd4 24. Qxd4 Rd8 25. Raa1 Nb8 26. Rh1 Rg8 27. Kf2 Nc6 28. Qc5 Rb8 29. Ra2 Qe7 30. Na4 Qxc5+ 31. Nxc5 Nb4 32. Raa1 Rb5 33. Ra4 Nxc2 34. Nxa6 Rxb2 35. Nc7+ Kd7 36. Nxa8 Rxa8 37. Rh7 Nd4+ 38. Ke3 Rb3+ 39. Kf2 Rab8 40. Rxg7 Rb2+ 41. Kf1 R8b3 42. Bh4 Rh3 0-1

[Event "EU-chT (Men) 19th"]
[Site "Warsaw"]
[Date "2013.11.15"]
[Round "7.18"]
[White "Nyback, Tomi"]
[Black "Jones, Richard S"]
[Result "1-0"]
[WhiteElo "2586"]
[BlackElo "2435"]
[PlyCount "89"]
[EventDate "2013.11.08"]
[EventType "team-swiss"]
[EventRounds "9"]
[EventCountry "POL"]
[SourceTitle "CBM 158"]
[Source "ChessBase"]
[SourceDate "2014.01.16"]
[SourceVersion "1"]
[SourceVersionDate "2014.01.16"]
[SourceQuality "1"]
[WhiteTeam "Finland"]
[BlackTeam "Wales"]
[WhiteTeamCountry "FIN"]
[BlackTeamCountry "WLS"]

1. d4 Nf6 2. c4 g6 3. Nc3 Bg7 4. e4 d6 5. Nf3 0-0 6. Be2 e5 7. 0-0 Nc6 8. d5 Ne7 9. b4 Nh5 10. g3 a5 11. bxa5 Rxa5 12. Nd2 Nf6 13. Nb3 Ra8 14. c5 Ne8 15. cxd6 cxd6 16. Nd2 f5 17. a4 Bh6 18. Nc4 Bxc1 19. Rxc1 fxe4 20. Nxe4 Bf5 21. Ng5 Nc7 22. Ne3 h6 23. Nf3 Be4 24. Nxe5 Ncxd5 25. Qd4 Nxe3 26. Qxe3 Bf5 27. Rfd1 Kh7 28. Nc4 Nc8 29. Bf3 Rf7 30. Bd5 Re7 31. Qb3 Qd7 32. Re1 Rxe1+ 33. Rxe1 Rxa4 34. Ne3 Ne7 35. Nxf5 Nxf5 36. Be6 Qe8 37. Bg8+ Qxg8 38. Qxa4 Qf7 39. Qb4 Qd5 40. Qb6 Qc6 41. Rb1 Kg7 42. Qxb7+ Qxb7 43. Rxb7+ Kf6 44. f3 h5 45. Kf2 1-0

[Event "EU-chT (Men) 19th"]
[Site "Warsaw"]
[Date "2013.11.14"]
[Round "6.19"]
[White "Jones, Richard S"]
[Black "Pancevski, Filip"]
[Result "0-1"]
[WhiteElo "2435"]
[BlackElo "2478"]
[PlyCount "74"]
[EventDate "2013.11.08"]
[EventType "team-swiss"]
[EventRounds "9"]
[EventCountry "POL"]
[SourceTitle "CBM 158"]
[Source "ChessBase"]
[SourceDate "2014.01.16"]
[SourceVersion "1"]
[SourceVersionDate "2014.01.16"]
[SourceQuality "1"]
[WhiteTeam "Wales"]
[BlackTeam "Macedonia"]
[WhiteTeamCountry "WLS"]
[BlackTeamCountry "MKD"]

1. e4 e5 2. Nf3 Nc6 3. Bb5 a6 4. Ba4 d6 5. Bxc6+ bxc6 6. d4 f6 7. c4 Ne7 8. Nc3 Ng6 9. Be3 Be7 10. 0-0 0-0 11. h3 Bd7 12. Qe2 exd4 13. Nxd4 c5 14. Nf5 Re8 15. b3 Bf8 16. g4 a5 17. a4 Ne5 18. Rad1 Rb8 19. Qc2 Qc8 20. f4 Nc6 21. Nd5 Kh8 22. Rf3 Bxf5 23. gxf5 Qb7 24. Bf2 Nd4 25. Bxd4 cxd4 26. Rxd4 Qa7 27. c5 c6 28. Ne3 d5 29. e5 Bxc5 30. Rd3 fxe5 31. fxe5 Rxe5 32. Kf2 Rbe8 33. Qc1 Rxe3 34. Rfxe3 Rxe3 35. Rxe3 Bxe3+ 36. Qxe3 Qxe3+ 37. Kxe3 c5 0-1